The Idea of Justice (Record no. 3502)

MARC details
000 -LEADER
fixed length control field 00382nam a22001697a 4500
005 - DATE AND TIME OF LATEST TRANSACTION
control field 20160622111258.0
008 - FIXED-LENGTH DATA ELEMENTS--GENERAL INFORMATION
fixed length control field 160622b xxu||||| |||| 00| 0 eng d
020 ## - INTERNATIONAL STANDARD BOOK NUMBER
ISBN 978-1-846-14147-8
041 ## - LANGUAGE CODE
Language code of text/sound track or separate title eng
082 ## - DEWEY DECIMAL CLASSIFICATION NUMBER
Item number 9145
100 ## - MAIN ENTRY--AUTHOR NAME
Personal name Sen, Amartya
245 ## - TITLE STATEMENT
Title The Idea of Justice
260 ## - PUBLICATION, DISTRIBUTION, ETC. (IMPRINT)
Name of publisher penguin
Year of publication 2009
300 ## - PHYSICAL DESCRIPTION
Number of Pages 415
650 ## - SUBJECT ADDED ENTRY--TOPICAL TERM
Topical Term Management
942 ## - ADDED ENTRY ELEMENTS (KOHA)
Koha item type Books
Holdings
Lost status Damaged status Collection code Home library Current library Shelving location Date acquired Full call number Accession Number Koha item type
    LIFE SKILL JRU Library JRU Library SHELF-103-I 22/06/2016 9145 9145 Books